Phân tâm học nhập môn /

Αποθηκεύτηκε σε:
Λεπτομέρειες βιβλιογραφικής εγγραφής
Κύριος συγγραφέας: Freud, Sigmund.
Άλλοι συγγραφείς: Nguyễn Xuân Hiến (dịch)
Μορφή: Sách giấy
Γλώσσα:Vietnamese
Έκδοση: H. : Đại học Quốc gia, 2002.
Θέματα:
Ετικέτες: Προσθήκη ετικέτας
Δεν υπάρχουν, Καταχωρήστε ετικέτα πρώτοι!
Thư viện lưu trữ: Thư viện Trường Đại học Đà Lạt
LEADER 00740nam a2200301 4500
001 DLU120133384
005 ##20120409
040 # # |a DLU  |b vie 
041 # # |a vie 
044 # # |a vn 
082 # # |a 150.195  |b FR-S 
100 # # |a Freud, Sigmund. 
245 # # |a Phân tâm học nhập môn /  |c Sigmund Freud; Nguyễn Xuân Hiến dịch. 
260 # # |a H. :  |b Đại học Quốc gia,  |c 2002. 
300 # # |a 528 tr. ;  |c 21 cm. 
650 # # |a Phân tâm học. 
700 # # |a Nguyễn Xuân Hiến  |e dịch 
923 # # |a 01/2012SP 
991 # # |a GT 
992 # # |a 55000 
994 # # |a KSP 
900 # # |a True 
911 # # |a Nguyễn Thanh Hương 
925 # # |a G 
926 # # |a A 
927 # # |a SH 
980 # # |a Thư viện Trường Đại học Đà Lạt